Manual de historia del Uruguay, 1830-1903

保存先:
書誌詳細
第一著者: Nahum, Benjamín (autor)
フォーマット: 図書
言語:スペイン語
出版事項: Montevideo Banda Oriental 2009
版:19a. ed
主題:
タグ: タグ追加
タグなし, このレコードへの初めてのタグを付けませんか!

MARC

LEADER 00000nam a2200000 a 4500
001 UCG0693
003 CL-VaPUC
008 100401e20090000UY |||||||||||||||||spa|d
020 |a 9789974102332 
082 0 4 |a 989.5  |b NAH  |2 21 
100 |a Nahum, Benjamín  |e autor  |9 550451 
245 1 0 |a Manual de historia del Uruguay, 1830-1903 
250 |a 19a. ed 
300 |a t 
942 |c BK 
945 |d 20100401 00:00:00  |a rbrito 
260 |a Montevideo  |b Banda Oriental  |c 2009 
500 |a t.1: 1830-1903 
650 7 |a HISTORIA DE URUGUAY  |2 CL-VaPUC  |9 548188 
583 |a last modification  |c 20130325 06:40:02  |k Rodrigo Vera 
999 |c 340239  |d 340237 
952 |0 0  |1 0  |4 0  |6 989_500000000000000_NAH_2009  |7 0  |8 DER_HIS  |9 434809  |a BIBDER  |b BIBDER  |d 2019-11-22  |h t.1  |i 4656288  |o 989.5 NAH 2009  |p 4656288  |r 2019-11-22  |w 2019-11-22  |x Ubicación 4to Piso  |y BK  |z Estos recursos deben solicitarse con anticipación  |k DER